CATÁLOGO PÚBLICO DE LA BIBLIOTECA OSCAR VARSAVSKY

Selección de métodos y técnicas de aprendizaje para facilitar equipos de trabajo: (una caja de herramientas) (Registro nro. 1166)

Detalles MARC
000 -CABECERA
campo de control de longitud fija 02018nam a22002057a 4500
001 - NÚMERO DE CONTROL
campo de control T027600013606
008 - DATOS DE LONGITUD FIJA--INFORMACIÓN GENERAL
campo de control de longitud fija 181014b xve||||| m 0 e0p | esp
040 ## - FUENTE DE LA CATALOGACIÓN
Centro catalogador/agencia de origen FEVP
Centro/agencia transcriptor FEVP
041 ## - CÓDIGO DE LENGUA
Código de lengua del texto/banda sonora o título independiente spa
099 ## - SIGNATURA TOPOGRÁFICA LOCAL
Sigla especial EVP T-G.P.
Cutter S112
100 ## - ENTRADA PRINCIPAL--NOMBRE DE PERSONA
Apellido (s), Nombre (s) Saavedra Solórzano, César
245 ## - MENCIÓN DE TÍTULO
Título Selección de métodos y técnicas de aprendizaje para facilitar equipos de trabajo: (una caja de herramientas)
260 ## - PUBLICACIÓN, DISTRIBUCIÓN, ETC. (PIE DE IMPRENTA)
Fecha de publicación, distribución, etc. Diciembre 2003
300 ## - DESCRIPCIÓN FÍSICA
Extensión viii, 133 pp.
500 ## - NOTA GENERAL
Nota general Impreso
502 ## - NOTA DE TESIS
Nota de tesis TESIS -- Especialista, Especialista en Gerencia Pública
520 ## - NOTA DE RESUMEN, ETC. (R)
Sumario, etc. Resumen:<br/>Uno de los principales Enfoques Gerenciales lo constituye el Aprendizaje Organizacional y, en este marco el Trabajo en Equipos, base fundamental para el apoyo a la gerencia efectiva y para el desarrollo de actividades de aprendizaje a nivel de postgrados en Gerencia Pública.<br/>En este contexto se desarrolla el Trabajo Especial de Grado para optar al título de Especialista en Gerencia Pública en el Instituto Venezolano de Planificación (IVEPLAN), el cual tuvo como objetivo general seleccionar los métodos y técnicas más empleados en los procesos de aprendizaje en equipos y con esta información construir una caja de herramientas como apoyo a los facilitadores de procesos gerenciales.<br/>La investigación se diseñó sobre la base de un proyecto especial, explicativo, de campo no experimental y empleando como base para el trabajo de campo dos variables: métodos y técnicas para facilitar equipos de trabajo y actividades practicas para el trabajo en equipos, con la información que se recopiló fue elaborada una guía ilustrativa para su uso práctico cuyo contenido posee los cuatro métodos más importantes de aprendizaje, las técnicas asociadas a cada uno y las estrategias para ello trabajo en equipos, recogidas en 10 fichas técnicas y sus respectivas instrucciones. Con ellos se intenta contribuir a apoyar el desarrollo de las actividades gerenciales y docentes.
700 ## - PUNTO DE ACCESO ADICIONAL--NOMBRE DE PERSONA
Nombre de persona Torres, Katiuska
Término indicativo de función/relación Tutora
942 ## - ELEMENTOS DE PUNTO DE ACCESO ADICIONAL (KOHA)
Tipo de ítem Koha Tesis
Existencias
Estado de retiro Estado de pérdida Fuente del sistema de clasificación o colocación Estado dañado No para préstamo Localización permanente Ubicación/localización actual Fecha de adquisición Total de préstamos Signatura topográfica completa Código de barras Fecha visto por última vez Precio válido a partir de Tipo de ítem Koha Número de copia
          Oscar Varsavsky Oscar Varsavsky 31.10.2018   EVP T-G.P. S112 T027600017530 31.10.2018 31.10.2018 Tesis  
          Oscar Varsavsky Oscar Varsavsky 31.10.2018   EVP T-G.P. S112 T027600017531 31.10.2018 31.10.2018 Tesis e.2